<?xml version="1.0" encoding="UTF-8"?>
<record
    xmlns:xsi="http://www.w3.org/2001/XMLSchema-instance"
    xsi:schemaLocation="http://www.loc.gov/MARC21/slim http://www.loc.gov/standards/marcxml/schema/MARC21slim.xsd"
    xmlns="http://www.loc.gov/MARC21/slim">

  <leader>02277    a2200253   4500</leader>
  <controlfield tag="003">UA-OsUOA</controlfield>
  <controlfield tag="005">20260702163649.0</controlfield>
  <controlfield tag="008">191112b        un ||||| |||| 00| 0 ukr d</controlfield>
  <datafield tag="020" ind1=" " ind2=" ">
    <subfield code="a">9786177501236</subfield>
  </datafield>
  <datafield tag="040" ind1=" " ind2=" ">
    <subfield code="a">UA-OsUOA</subfield>
    <subfield code="b">ukr</subfield>
    <subfield code="c">UA-OsUOA</subfield>
    <subfield code="d">UA-OsUOA</subfield>
  </datafield>
  <datafield tag="041" ind1=" " ind2=" ">
    <subfield code="a">ukr</subfield>
  </datafield>
  <datafield tag="080" ind1=" " ind2=" ">
    <subfield code="a">329:324(477+100)</subfield>
  </datafield>
  <datafield tag="090" ind1=" " ind2=" ">
    <subfield code="a">329:324(477+100)(063)</subfield>
    <subfield code="b">&#x41F;50</subfield>
  </datafield>
  <datafield tag="245" ind1=" " ind2=" ">
    <subfield code="a">&#x41F;&#x43E;&#x43B;&#x456;&#x442;&#x438;&#x447;&#x43D;&#x456; &#x43F;&#x430;&#x440;&#x442;&#x456;&#x457; &#x456; &#x432;&#x438;&#x431;&#x43E;&#x440;&#x438;: &#x443;&#x43A;&#x440;&#x430;&#x457;&#x43D;&#x441;&#x44C;&#x43A;&#x456; &#x442;&#x430; &#x441;&#x432;&#x456;&#x442;&#x43E;&#x432;&#x456; &#x43F;&#x440;&#x430;&#x43A;&#x442;&#x438;&#x43A;&#x438; </subfield>
    <subfield code="b">&#x437;&#x431;&#x456;&#x440;&#x43D;&#x438;&#x43A; &#x441;&#x442;&#x430;&#x442;&#x442;&#x435;&#x439; &#x456; &#x442;&#x435;&#x437; &#x437;&#x430; &#x440;&#x435;&#x437;&#x443;&#x43B;&#x44C;&#x442;&#x430;&#x442;&#x430;&#x43C;&#x438; &#x43D;&#x430;&#x443;&#x43A;&#x43E;&#x432;&#x43E;&#x457; &#x43A;&#x43E;&#x43D;&#x444;&#x435;&#x440;&#x435;&#x43D;&#x446;&#x456;&#x457; "&#x41F;&#x43E;&#x43B;&#x456;&#x442;&#x438;&#x447;&#x43D;&#x456; &#x43F;&#x430;&#x440;&#x442;&#x456;&#x457; &#x456; &#x432;&#x438;&#x431;&#x43E;&#x440;&#x438;: &#x443;&#x43A;&#x440;&#x430;&#x457;&#x43D;&#x441;&#x44C;&#x43A;&#x456; &#x442;&#x430; &#x441;&#x432;&#x456;&#x442;&#x43E;&#x432;&#x456; &#x43F;&#x440;&#x430;&#x43A;&#x442;&#x438;&#x43A;&#x438;" (&#x43F;&#x430;&#x43C;'&#x44F;&#x442;&#x456; &#x42E;&#x440;&#x456;&#x44F; &#x420;&#x43E;&#x43C;&#x430;&#x43D;&#x43E;&#x432;&#x438;&#x447;&#x430; &#x428;&#x432;&#x435;&#x434;&#x438;) &#x432;&#x456;&#x434; 8 &#x436;&#x43E;&#x432;&#x442;&#x43D;&#x44F; 2016 &#x440;&#x43E;&#x43A;&#x443;</subfield>
    <subfield code="c">&#x437;&#x430; &#x437;&#x430;&#x433;. &#x440;&#x435;&#x434;. &#x410;. &#x420;&#x43E;&#x43C;&#x430;&#x43D;&#x44E;&#x43A;&#x430;</subfield>
  </datafield>
  <datafield tag="260" ind1=" " ind2=" ">
    <subfield code="a">&#x41B;&#x44C;&#x432;&#x456;&#x432;</subfield>
    <subfield code="c">2017</subfield>
    <subfield code="b">&#x41F;&#x440;&#x43E;&#x441;&#x442;&#x456;&#x440;-&#x41C;</subfield>
  </datafield>
  <datafield tag="300" ind1=" " ind2=" ">
    <subfield code="a">382 &#x441;.</subfield>
  </datafield>
  <datafield tag="520" ind1=" " ind2=" ">
    <subfield code="a">&#x423; &#x437;&#x431;&#x456;&#x440;&#x43D;&#x438;&#x43A;&#x443; &#x43F;&#x440;&#x435;&#x434;&#x441;&#x442;&#x430;&#x432;&#x43B;&#x435;&#x43D;&#x438;&#x439; &#x430;&#x43D;&#x430;&#x43B;&#x456;&#x437; &#x43F;&#x43E;&#x43B;&#x456;&#x442;&#x438;&#x447;&#x43D;&#x438;&#x445; &#x43F;&#x430;&#x440;&#x442;&#x456;&#x439; &#x43D;&#x430; &#x440;&#x435;&#x433;&#x456;&#x43E;&#x43D;&#x430;&#x43B;&#x44C;&#x43D;&#x43E;&#x43C;&#x443; &#x440;&#x456;&#x432;&#x43D;&#x456;. &#x41E;&#x441;&#x43E;&#x431;&#x43B;&#x438;&#x432;&#x43E;&#x441;&#x442;&#x456; &#x440;&#x43E;&#x437;&#x432;&#x438;&#x442;&#x43A;&#x443; &#x43F;&#x43E;&#x43B;&#x456;&#x442;&#x438;&#x447;&#x43D;&#x43E;&#x433;&#x43E; &#x43F;&#x440;&#x43E;&#x446;&#x435;&#x441;&#x443; &#x43D;&#x430; &#x43D;&#x430;&#x446;&#x456;&#x446;&#x43E;&#x43D;&#x430;&#x43B;&#x44C;&#x43D;&#x43E;&#x43C;&#x443; &#x442;&#x430; &#x440;&#x435;&#x433;&#x456;&#x43E;&#x43D;&#x430;&#x43B;&#x44C;&#x43D;&#x43E;&#x43C;&#x443; &#x440;&#x456;&#x432;&#x43D;&#x456; &#x432; &#x423;&#x43A;&#x440;&#x430;&#x457;&#x43D;&#x456;. &#x41E;&#x43A;&#x440;&#x435;&#x43C;&#x43E; &#x440;&#x43E;&#x437;&#x433;&#x43B;&#x44F;&#x43D;&#x443;&#x442;&#x43E; &#x43E;&#x441;&#x43E;&#x431;&#x43B;&#x438;&#x432;&#x43E;&#x441;&#x442;&#x456; &#x440;&#x43E;&#x437;&#x432;&#x438;&#x442;&#x43A;&#x443; &#x43F;&#x430;&#x440;&#x442;&#x456;&#x439;&#x43D;&#x438;&#x445; &#x442;&#x430; &#x432;&#x438;&#x431;&#x43E;&#x440;&#x447;&#x438;&#x445; &#x441;&#x438;&#x441;&#x442;&#x435;&#x43C; &#x432; &#x440;&#x456;&#x437;&#x43D;&#x438;&#x445; &#x43A;&#x440;&#x430;&#x457;&#x43D;&#x430;&#x445; &#x441;&#x432;&#x456;&#x442;&#x443;. &#x417;&#x43D;&#x430;&#x447;&#x43D;&#x430; &#x447;&#x430;&#x441;&#x442;&#x43A;&#x430; &#x43F;&#x443;&#x431;&#x43B;&#x456;&#x43A;&#x430;&#x446;&#x456;&#x439; &#x43F;&#x43E;&#x431;&#x443;&#x434;&#x43E;&#x432;&#x430;&#x43D;&#x430; &#x43D;&#x430; &#x437;&#x430;&#x43B;&#x443;&#x447;&#x435;&#x43D;&#x43D;&#x456; &#x43F;&#x440;&#x438;&#x439;&#x43D;&#x44F;&#x442;&#x438;&#x445; &#x443; &#x440;&#x43E;&#x437;&#x432;&#x438;&#x43D;&#x435;&#x43D;&#x438;&#x445; &#x434;&#x435;&#x43C;&#x43E;&#x43A;&#x440;&#x430;&#x442;&#x438;&#x447;&#x43D;&#x438;&#x445; &#x43A;&#x440;&#x430;&#x457;&#x43D;&#x430;&#x445; &#x43C;&#x435;&#x442;&#x43E;&#x434;&#x438;&#x43A;&#x430;&#x445; &#x442;&#x430; &#x442;&#x435;&#x445;&#x43D;&#x456;&#x43A;&#x430;&#x445; &#x430;&#x43D;&#x430;&#x43B;&#x456;&#x437;&#x443; &#x43F;&#x440;&#x430;&#x43A;&#x442;&#x438;&#x447;&#x43D;&#x43E;&#x457; &#x434;&#x456;&#x44F;&#x43B;&#x44C;&#x43D;&#x43E;&#x441;&#x442;&#x456; &#x43F;&#x43E;&#x43B;&#x456;&#x442;&#x438;&#x447;&#x43D;&#x438;&#x445; &#x43F;&#x430;&#x440;&#x442;&#x456;&#x439;. &#x414;&#x43B;&#x44F; &#x432;&#x438;&#x43A;&#x43B;&#x430;&#x434;&#x430;&#x447;&#x456;&#x432;, &#x430;&#x441;&#x43F;&#x456;&#x440;&#x430;&#x43D;&#x442;&#x456;&#x432; &#x442;&#x430; &#x441;&#x442;&#x443;&#x434;&#x435;&#x43D;&#x442;&#x456;&#x432; &#x432;&#x438;&#x449;&#x438;&#x445; &#x43D;&#x430;&#x432;&#x447;&#x430;&#x43B;&#x44C;&#x43D;&#x438;&#x445; &#x437;&#x430;&#x43A;&#x43B;&#x430;&#x434;&#x456;&#x432;, &#x43F;&#x43E;&#x43B;&#x456;&#x442;&#x438;&#x447;&#x43D;&#x438;&#x445; &#x430;&#x43D;&#x430;&#x43B;&#x456;&#x442;&#x438;&#x43A;&#x456;&#x432; &#x442;&#x430; &#x432;&#x441;&#x456;&#x445;, &#x445;&#x442;&#x43E; &#x446;&#x456;&#x43A;&#x430;&#x432;&#x438;&#x442;&#x44C;&#x441;&#x44F; &#x43F;&#x43E;&#x43B;&#x456;&#x442;&#x438;&#x43A;&#x43E;&#x44E;.</subfield>
  </datafield>
  <datafield tag="591" ind1=" " ind2=" ">
    <subfield code="b">&#x41C;&#x430;&#x446;&#x456;&#x454;&#x432;&#x441;&#x44C;&#x43A;&#x438;&#x439; &#x42E;. &#x41E;.</subfield>
  </datafield>
  <datafield tag="650" ind1=" " ind2=" ">
    <subfield code="a">329 &#x41F;&#x43E;&#x43B;&#x456;&#x442;&#x438;&#x447;&#x43D;&#x456; &#x43F;&#x430;&#x440;&#x442;&#x456;&#x457; &#x442;&#x430; &#x440;&#x443;&#x445;&#x438;</subfield>
    <subfield code="9">69</subfield>
  </datafield>
  <datafield tag="700" ind1="1" ind2=" ">
    <subfield code="a">&#x420;&#x43E;&#x43C;&#x430;&#x43D;&#x44E;&#x43A; &#x410;.</subfield>
    <subfield code="d">&#x437;&#x430; &#x437;&#x430;&#x433;. &#x440;&#x435;&#x434;.</subfield>
    <subfield code="9">25786</subfield>
  </datafield>
  <datafield tag="942" ind1=" " ind2=" ">
    <subfield code="c">BK</subfield>
    <subfield code="2">udc</subfield>
  </datafield>
  <datafield tag="955" ind1=" " ind2=" ">
    <subfield code="a">1</subfield>
  </datafield>
  <datafield tag="999" ind1=" " ind2=" ">
    <subfield code="c">442790</subfield>
    <subfield code="d">442790</subfield>
  </datafield>
  <datafield tag="952" ind1=" " ind2=" ">
    <subfield code="0">0</subfield>
    <subfield code="1">0</subfield>
    <subfield code="2">udc</subfield>
    <subfield code="4">0</subfield>
    <subfield code="7">0</subfield>
    <subfield code="a">102</subfield>
    <subfield code="b">102</subfield>
    <subfield code="d">2019-11-12</subfield>
    <subfield code="e">&#x2116; 45/06.11.2019 </subfield>
    <subfield code="g">55.00</subfield>
    <subfield code="l">0</subfield>
    <subfield code="o">329:324(477+100) &#x41F;50</subfield>
    <subfield code="p">161929</subfield>
    <subfield code="r">2021-09-29 00:00:00</subfield>
    <subfield code="v">55.00</subfield>
    <subfield code="w">2019-11-12</subfield>
    <subfield code="y">BK</subfield>
  </datafield>
  <datafield tag="952" ind1=" " ind2=" ">
    <subfield code="0">0</subfield>
    <subfield code="1">0</subfield>
    <subfield code="2">udc</subfield>
    <subfield code="4">0</subfield>
    <subfield code="7">0</subfield>
    <subfield code="a">102</subfield>
    <subfield code="b">102</subfield>
    <subfield code="d">2026-07-02</subfield>
    <subfield code="e">&#x410;&#x43A;&#x442; &#x2116;33/22.06.2026</subfield>
    <subfield code="g">25.00</subfield>
    <subfield code="i">170189</subfield>
    <subfield code="l">0</subfield>
    <subfield code="o">329:324(477+100)(063) &#x41F;50</subfield>
    <subfield code="p">170189</subfield>
    <subfield code="r">2026-07-02 16:38:20</subfield>
    <subfield code="v">25.00</subfield>
    <subfield code="w">2026-07-02</subfield>
    <subfield code="y">BK</subfield>
    <subfield code="z">&#x414;&#x430;&#x440;&#x443;&#x432;&#x430;&#x43B;&#x44C;&#x43D;&#x438;&#x43A; &#x41B;&#x435;&#x431;&#x435;&#x434;&#x44E;&#x43A; &#x412;. &#x41C;.</subfield>
  </datafield>
</record>
